000 01281nam a2200349 a 4500
001 000114972
003 CHAP
005 20220329144506.0
008 180821s2018 mx a |sm |||||||spa d
010 _a111433
011 _a112405
040 _cCHAP
090 _aTesis
100 1 _aChávez Goméz, Michael.
_9135372
245 1 0 _aIrradiación recurrente en la selección de mutantes de soya (R2M3) de madurez de 100 días
_h[En línea]
_cpor Michael Chávez Gómez.
260 _aChapingo, Méx. :
_bEl autor,
_c2018.
500 _aPara ver el contenido del material haga clic en la liga
502 _aTesis (Ing. Agr. Fitotecnista) -- Clolegio Superior Agropecuario del Estado de Guerrero
590 _aBATCH-UPD
_b05
_c20180821
_lUCH01
_h1028
590 _aBATCH
_b00
_c20181121
_lUCH01
_h0759
590 _aE11695DGD
_b10
_c20190528
_lUCH01
_h1511
590 _aE6339RRR
_b05
_c20180821
_lUCH01
_h1027
590 _aE6339RRR
_b05
_c20180821
_lUCH01
_h1030
650 1 4 _aMutación en plantas.
_979907
650 1 4 _aRayos gama
_xEfectos fisiológicos.
_994855
650 1 4 _aSoya
_xGenética.
_9109054
650 1 4 _aSoya
_xMejoramiento.
_9109069
856 _aFinding aid
_uhttp://10.13.5.2/tesis/sist114972.pdf
_zTeclea aquí
901 _aBK
942 _cTESIS
942 _n0
999 _c111433
_d111433